000 00423nam a2200145 i 4500
001 bg
100 1 _aRAPP, Piotr
245 0 _aDynamika budynków wysokich o konstrukcji ścianowej z nadprożami /
_cPiotr Rapp, Kazimierz Wrześniowski.
260 _aWarszawa ;
_aPoznań :
_bPWN,
_c1982.
700 1 _aWRZEŚNIOWSKI, Kazimierz
040 _cBPK
041 _apol
942 _cKS
008 s pl f |000 0 pol
999 _c1737
_d1737
856 _uhttp://koha.tu.koszalin.pl/cgi-bin/koha/opac-detail.pl?biblionumber=1737
_yKatalog online BPK